• 首页
  • 本馆介绍
  • 公告通知
  • 最新文献
  • 馆藏检索
  • 电子资源
  • 读者导购
  • 参考咨询
  • 我的图书馆
  • 登录
  • 详细信息显示
  • 放入我的书架
  • 预约/预借图书
  • 作者相关作品
  • 分类相关作品
  • 丛书相关作品
  • 出版社相关作品

书目信息

  • 表格格式
  • 工作单格式
  • 卡片格式
题名:
SketchUp 2014草图大师从入门到精通
    
 
作者: 李波 编著
分册:  
出版信息: 北京   电子工业出版社  2015.6
页数: 366页
开本: 26cm
丛书名:
单 册:
中图分类: TU201.4
科图分类:
主题词: 建筑设计--计算机辅助设计--图形软件,SketchUp
电子资源:
ISBN: 978-7-121-25957-9
000 01032nam0 2200265 450
001 0400002021
005 20171019220006.0
010    @a978-7-121-25957-9@dCNY59.00
100    @a20150814d2015 em y0chiy50 ea
101 0  @achi
102    @aCN@b110000
105    @ay z 000yy
106    @ar
200 1  @aSketchUp 2014草图大师从入门到精通@9SketchUp 2014 cao tu da shi cong ru men dao jing tong@f李波等编著
210    @a北京@c电子工业出版社@d2015.6
215    @a366页@d26cm@e1光盘
300    @a技能应用速成系列
307    @a附光盘:ISBN 978-7-89394-084-2
330    @a本书共分为12章,包括SketchUp的概述与基础,视图的控制与对象的显示,绘图工具的应用,常用工具的应用,插件的应用,图层、群组与组件的应用,材质与贴图的应用,场景与动画的应用,文件的导入与导出操作,别墅建筑效果图的制作,室内各功能间模型的创建,VRay模型的渲染。
606 0  @a建筑设计@x计算机辅助设计@x图形软件,SketchUp
610 0  @aSketchUp
690    @aTU201.4@v5
701  0 @a李波@9li bo@4编著
801  0 @aCN@b91MARC@c20171019
905    @b1031280-4@dTU201.4@f5@e1122
    
    SketchUp 2014草图大师从入门到精通/李波等编著.-北京:电子工业出版社,2015.6
    366页;26cm+1光盘
    技能应用速成系列
    
    ISBN 978-7-121-25957-9:CNY59.00
    本书共分为12章,包括SketchUp的概述与基础,视图的控制与对象的显示,绘图工具的应用,常用工具的应用,插件的应用,图层、群组与组件的应用,材质与贴图的应用,场景与动画的应用,文件的导入与导出操作,别墅建筑效果图的制作,室内各功能间模型的创建,VRay模型的渲染。
●
相关链接 在E读中查询图书 在五车中查询图书 在当当中查询图书 在豆瓣中查询图书


正题名:SketchUp 2014草图大师从入门到精通     索取号:TU201.4/1122         预约/预借

序号 登录号 条形码 馆藏地/架位号 状态 备注
1 1031280   210312801   第二样本阅览室/ [索取号:TU201.4/1122] 在馆    
2 1031281   210312810   密集书库-生命科学系/ [索取号:TU201.4/1122] 在馆    
3 1031282   210312829   第三借阅区/ [索取号:TU201.4/1122] 在馆    
4 1031283   210312838   第三借阅区/ [索取号:TU201.4/1122] 在馆    
5 1031284   210312847   第三借阅区/ [索取号:TU201.4/1122] 在馆    
唐山师范学院图书馆 欢迎您!
大连网信软件有限公司© 版权所有